Mystery Taylor Swift Song #72 - Statistics

General Stats
  • This quiz has been taken 397 times
  • The average score is 112 of 165
Answer Stats
Song % Correct
I
96%
a
93%
be
91%
you
91%
the
90%
me
88%
it
87%
to
87%
and
85%
in
85%
Midnights
85%
my
85%
on
85%
your
85%
he
84%
no
84%
You're
84%
by
83%
have
83%
So
83%
of
82%
we're
82%
were
82%
been
81%
this
81%
who
81%
always
80%
as
80%
for
80%
kid
80%
own
80%
From
79%
It's
79%
can
78%
friends
78%
is
78%
there
78%
what
78%
with
78%
don't
77%
make
76%
say
76%
that
76%
All
75%
Like
75%
not
75%
see
75%
take
75%
they
75%
away
74%
face
74%
hear
74%
just
74%
know
74%
best
73%
one
72%
stay
72%
ashes
71%
body
71%
could
71%
fireplace
71%
I'd
71%
if
71%
party
70%
splashes
70%
friendship
69%
voice
69%
can't
68%
home
68%
I'll
68%
out
68%
You're On Your Own, Kid
68%
blood
67%
boys
67%
Cause
67%
dream
67%
kiss
67%
never
67%
starved
67%
tears
67%
went
67%
weren't
67%
bracelets
66%
days
66%
gave
66%
got
66%
perfect
66%
saved
66%
Something
66%
them
66%
took
66%
He's
65%
loves
65%
sprinkler
65%
sweat
65%
Yeah
65%
moment
64%
smoking
64%
You've
64%
afraid
63%
Daisy
63%
didn't
63%
funny
63%
getting
63%
hosted
63%
jokes
63%
long
63%
money
63%
okay
63%
Still
63%
There's
63%
wait
63%
around
62%
great
62%
parties
62%
reason
62%
saw
62%
Summer
62%
learn
61%
May
61%
play
61%
town
61%
aren't
60%
better
60%
bodies
60%
gown
60%
phone
60%
soaked
60%
cared
59%
dreams
59%
gonna
59%
looked
59%
step
59%
Anyway
58%
taste
58%
touch
58%
burned
57%
cool
57%
notice
57%
pages
57%
run
57%
bridges
56%
escape
56%
Everything
56%
rare
56%
turned
56%
choose
55%
room
55%
search
55%
lose
54%
lot
54%
parking
54%
taxi
54%
patiently
53%
petals
52%
waited
52%
different
50%
picked
50%
ages
49%
songs
49%
stays
49%
called
48%
Writing
48%
yearning
48%
bloomed
46%
No matching quizzes found
Score Distribution
Percent of People with Each Score
Percentile by Number Answered
Your Score History
You have not taken this quiz